| 000 | 00650nam a22001937a 4500 | ||
|---|---|---|---|
| 005 | 20170711162806.0 | ||
| 010 | _aENG-119157 | ||
| 020 |
_c795.00 _a9789382524250 |
||
| 035 | _aEN-102689 | ||
| 037 | _bDBAD/PUB | ||
| 082 | _a344.01 | ||
| 100 | _aSrivastava,S.C. | ||
| 245 |
_aContract labour : _cby S.C. Srivastava _ba review of the contract labour (regulation and aboltion) act and other applicable labour laws / |
||
| 260 |
_aNew Delhi _bThe Book Line _c2015 |
||
| 270 |
_a106,4787/23,Ist Floor,Ansari Road _bNew Delhi _e110002 |
||
| 300 |
_aix,306p. _c22cm(Hb) |
||
| 500 | _aIncludes index | ||
| 942 |
_2ddc _cEN _h344.01 _mSRI |
||
| 999 |
_c142443 _d142443 |
||